[Event "Open"]
[Site "Saint Louis, US"]
[Date "2025.10.14"]
[Round "3"]
[White "So, Wesley"]
[Black "Shankland, Sam"]
[Result "1-0"]
[Board "1"]
[WhiteFideId "5202213"]
[BlackFideId "2004887"]
[WhiteTitle "GM"]
[BlackTitle "GM"]
[WhiteElo "2756"]
[BlackElo "2654"]
[WhiteTeam "USA"]
[BlackTeam "USA"]
[WhiteClock "0:05:32"]
[BlackClock "0:14:06"]
[Variant "Standard"]

1. e4 {[%clk 1:30:58]}  c6 {[%clk 1:30:48]} 2. d4 {[%clk 1:31:04]}  d5 {[%clk 1:31:13]} 3. e5 {[%clk 1:31:19]}  Bf5 {[%clk 1:31:38]} 4. h4 {[%clk 1:31:04]}  h5 {[%clk 1:32:02]} 5. c4 {[%clk 1:31:26]}  e6 {[%clk 1:32:23]} 6. Nc3 {[%clk 1:31:52]}  dxc4 {[%clk 1:32:22]} 7. Bxc4 {[%clk 1:31:39]}  Nd7 {[%clk 1:32:48]} 8. Nge2 {[%clk 1:32:04]}  Be7 {[%clk 1:32:48]} 9. g3 {[%clk 1:31:38]}  Nh6 {[%clk 1:32:08]} 10. Bf4 {[%clk 1:32:02]}  Qb6 {[%clk 1:31:28]} 11. O-O {[%clk 1:31:36]}  O-O-O {[%clk 1:31:04]} 12. a3 {[%clk 1:29:51]}  Kb8 {[%clk 1:18:52]} 13. b4 {[%clk 1:25:27]}  Ka8 {[%clk 1:16:56]} 14. b5 {[%clk 1:19:37]}  Ng4 {[%clk 1:09:04]} 15. a4 {[%clk 0:57:48]}  Qa5 {[%clk 1:02:44]} 16. bxc6 {[%clk 0:48:33]}  bxc6 {[%clk 1:02:45]} 17. Qc1 {[%clk 0:48:21]}  Rb8 {[%clk 1:00:55]} 18. Rd1 {[%clk 0:44:33]}  Rhd8 {[%clk 0:57:08]} 19. Ba2 {[%clk 0:39:47]}  Nb6 {[%clk 0:52:51]} 20. Bg5 {[%clk 0:32:18]}  f6 {[%clk 0:45:23]} 21. exf6 {[%clk 0:32:36]}  Nxf6 {[%clk 0:37:33]} 22. Nf4 {[%clk 0:28:51]}  e5 {[%clk 0:34:41]} 23. Ne6 {[%clk 0:26:05]}  Bxe6 {[%clk 0:32:38]} 24. Bxe6 {[%clk 0:26:32]}  Rxd4 {[%clk 0:31:27]} 25. Rxd4 {[%clk 0:15:25]}  exd4 {[%clk 0:31:52]} 26. Ne2 {[%clk 0:15:15]}  Qc5 {[%clk 0:27:00]} 27. a5 {[%clk 0:14:18]}  Nbd5 {[%clk 0:27:02]} 28. Nxd4 {[%clk 0:13:50]}  Nc3 {[%clk 0:27:06]} 29. Be3 {[%clk 0:13:51]}  Rd8 {[%clk 0:22:20]} 30. Qf1 {[%clk 0:10:13]}  Nfd5 {[%clk 0:16:43]} 31. Bxd5 {[%clk 0:10:16]}  Qxd5 {[%clk 0:17:08]} 32. Qa6 {[%clk 0:09:28]}  Bc5 {[%clk 0:15:55]} 33. Nxc6 {[%clk 0:08:03]}  Bxe3 {[%clk 0:14:55]} 34. Nxd8 {[%clk 0:05:04]}  Bxf2+ {[%clk 0:15:19]} 35. Kxf2 {[%clk 0:05:20]}  Qf5+ {[%clk 0:14:06]} 36. Kg1 {[%clk 0:05:15]}  Qc5+ {[%clk 0:13:44]} 37. Kg2 {[%clk 0:05:10]}  Qd5+ {[%clk 0:14:06]} 38. Kh2 {[%clk 0:05:32]} 1-0

[Event "Open"]
[Site "Saint Louis, US"]
[Date "2025.10.14"]
[Round "3"]
[White "Liang, Awonder"]
[Black "Caruana, Fabiano"]
[Result "1/2-1/2"]
[Board "2"]
[WhiteFideId "2056437"]
[BlackFideId "2020009"]
[WhiteTitle "GM"]
[BlackTitle "GM"]
[WhiteElo "2710"]
[BlackElo "2789"]
[WhiteTeam "USA"]
[BlackTeam "USA"]
[WhiteClock "0:53:06"]
[BlackClock "0:31:23"]
[Variant "Standard"]

1. e4 {[%clk 1:30:59]}  c5 {[%clk 1:30:55]} 2. c3 {[%clk 1:31:23]}  Nf6 {[%clk 1:31:06]} 3. e5 {[%clk 1:31:48]}  Nd5 {[%clk 1:31:33]} 4. Nf3 {[%clk 1:32:11]}  Nc6 {[%clk 1:31:55]} 5. d4 {[%clk 1:32:28]}  cxd4 {[%clk 1:32:00]} 6. cxd4 {[%clk 1:32:49]}  d6 {[%clk 1:32:24]} 7. Bc4 {[%clk 1:33:13]}  Nb6 {[%clk 1:30:26]} 8. Bb5 {[%clk 1:33:10]}  dxe5 {[%clk 1:30:30]} 9. Nxe5 {[%clk 1:33:26]}  Bd7 {[%clk 1:30:56]} 10. Nc3 {[%clk 1:33:30]}  Nxe5 {[%clk 1:25:00]} 11. dxe5 {[%clk 1:33:52]}  Bxb5 {[%clk 1:25:27]} 12. Nxb5 {[%clk 1:34:04]}  Qxd1+ {[%clk 1:25:06]} 13. Kxd1 {[%clk 1:34:20]}  Nd5 {[%clk 1:25:27]} 14. Ke2 {[%clk 1:24:40]}  a6 {[%clk 1:09:52]} 15. Nc3 {[%clk 1:19:19]}  Nxc3+ {[%clk 1:09:40]} 16. bxc3 {[%clk 1:19:48]}  e6 {[%clk 1:10:04]} 17. Be3 {[%clk 1:06:25]}  O-O-O {[%clk 0:51:54]} 18. c4 {[%clk 1:04:26]}  Be7 {[%clk 0:47:26]} 19. Bb6 {[%clk 1:01:32]}  Rd7 {[%clk 0:47:48]} 20. Rhd1 {[%clk 1:01:55]}  f6 {[%clk 0:42:31]} 21. Rab1 {[%clk 0:58:05]}  fxe5 {[%clk 0:30:00]} 22. Rxd7 {[%clk 0:54:46]}  Kxd7 {[%clk 0:30:26]} 23. Be3 {[%clk 0:55:09]}  Kc7 {[%clk 0:30:50]} 24. Rb6 {[%clk 0:55:23]}  Rc8 {[%clk 0:31:16]} 25. Rxe6 {[%clk 0:51:35]}  Kd7 {[%clk 0:31:40]} 26. Rb6 {[%clk 0:52:00]}  Rxc4 {[%clk 0:30:19]} 27. Rxb7+ {[%clk 0:52:17]}  Rc7 {[%clk 0:28:18]} 28. Rxc7+ {[%clk 0:49:54]}  Kxc7 {[%clk 0:28:38]} 29. Kd3 {[%clk 0:50:23]}  Kd6 {[%clk 0:28:59]} 30. Ke4 {[%clk 0:50:47]}  Ke6 {[%clk 0:29:25]} 31. Bd2 {[%clk 0:51:05]}  g6 {[%clk 0:29:41]} 32. Bc3 {[%clk 0:51:27]}  Bd6 {[%clk 0:30:08]} 33. Bb2 {[%clk 0:51:51]}  Bc7 {[%clk 0:30:34]} 34. Bc3 {[%clk 0:52:17]}  Bd6 {[%clk 0:31:01]} 35. Bb2 {[%clk 0:52:42]}  Bc7 {[%clk 0:31:28]} 36. Bc3 {[%clk 0:53:06]}  Bd6 {[%clk 0:31:23]} 1/2-1/2

[Event "Open"]
[Site "Saint Louis, US"]
[Date "2025.10.14"]
[Round "3"]
[White "Swiercz, Dariusz"]
[Black "Mishra, Abhimanyu"]
[Result "1/2-1/2"]
[Board "3"]
[WhiteFideId "1126881"]
[BlackFideId "30920019"]
[WhiteTitle "GM"]
[BlackTitle "GM"]
[WhiteElo "2577"]
[BlackElo "2652"]
[WhiteTeam "USA"]
[BlackTeam "USA"]
[WhiteClock "0:21:58"]
[BlackClock "0:19:20"]
[Variant "Standard"]

1. c4 {[%clk 1:30:57]}  Nf6 {[%clk 1:30:54]} 2. Nc3 {[%clk 1:31:10]}  e6 {[%clk 1:31:18]} 3. d4 {[%clk 1:31:29]}  Bb4 {[%clk 1:31:42]} 4. e3 {[%clk 1:31:45]}  O-O {[%clk 1:31:54]} 5. a3 {[%clk 1:32:08]}  Bxc3+ {[%clk 1:31:24]} 6. bxc3 {[%clk 1:32:36]}  d6 {[%clk 1:31:30]} 7. Ne2 {[%clk 1:32:56]}  Nfd7 {[%clk 1:31:25]} 8. Ng3 {[%clk 1:30:52]}  Nc6 {[%clk 1:30:13]} 9. Bd3 {[%clk 1:30:42]}  f5 {[%clk 1:28:49]} 10. O-O {[%clk 1:30:47]}  Na5 {[%clk 1:28:24]} 11. Re1 {[%clk 1:00:16]}  Qh4 {[%clk 1:24:52]} 12. f4 {[%clk 0:32:25]}  Nf6 {[%clk 1:16:23]} 13. Ra2 {[%clk 0:26:36]}  b6 {[%clk 1:09:00]} 14. e4 {[%clk 0:25:13]}  Ng4 {[%clk 1:06:01]} 15. Nf1 {[%clk 0:25:24]}  Ba6 {[%clk 1:04:31]} 16. exf5 {[%clk 0:23:12]}  exf5 {[%clk 1:03:17]} 17. h3 {[%clk 0:23:21]}  Nf6 {[%clk 0:56:21]} 18. Bxf5 {[%clk 0:22:25]}  Bxc4 {[%clk 0:54:12]} 19. Rf2 {[%clk 0:21:55]}  Rae8 {[%clk 0:48:34]} 20. Rxe8 {[%clk 0:17:19]}  Rxe8 {[%clk 0:47:29]} 21. Ne3 {[%clk 0:17:46]}  Bf7 {[%clk 0:33:02]} 22. Bc2 {[%clk 0:09:27]}  Nc4 {[%clk 0:25:24]} 23. Nf5 {[%clk 0:04:51]}  Qh5 {[%clk 0:24:29]} 24. Qf1 {[%clk 0:05:19]}  Bd5 {[%clk 0:23:44]} 25. Ng3 {[%clk 0:04:58]}  Qf7 {[%clk 0:20:59]} 26. Re2 {[%clk 0:05:02]}  b5 {[%clk 0:15:27]} 27. Qe1 {[%clk 0:04:23]}  Kf8 {[%clk 0:10:36]} 28. Nf5 {[%clk 0:03:08]}  Rxe2 {[%clk 0:07:34]} 29. Qxe2 {[%clk 0:03:37]}  Qe6 {[%clk 0:07:09]} 30. Qxe6 {[%clk 0:02:13]}  Bxe6 {[%clk 0:07:37]} 31. Ne3 {[%clk 0:02:29]}  Nxe3 {[%clk 0:06:00]} 32. Bxe3 {[%clk 0:02:57]}  g6 {[%clk 0:06:12]} 33. g4 {[%clk 0:01:53]}  Kf7 {[%clk 0:06:02]} 34. Kf2 {[%clk 0:01:56]}  a5 {[%clk 0:03:13]} 35. Kg3 {[%clk 0:01:06]}  a4 {[%clk 0:03:08]} 36. Bd3 {[%clk 0:00:51]}  Bc4 {[%clk 0:02:42]} 37. Bc2 {[%clk 0:01:11]}  Bb3 {[%clk 0:01:26]} 38. Bd3 {[%clk 0:01:36]}  Bc4 {[%clk 0:01:47]} 39. Bc2 {[%clk 0:02:02]}  Bd5 {[%clk 0:01:02]} 40. Bd3 {[%clk 0:01:42]}  c6 {[%clk 0:00:57]} 41. Kh4 {[%clk 0:25:47]}  Kg7 {[%clk 0:22:05]} 42. g5 {[%clk 0:19:26]}  Ne4 {[%clk 0:19:44]} 43. Bxe4 {[%clk 0:19:46]}  Bxe4 {[%clk 0:20:08]} 44. f5 {[%clk 0:20:14]}  Bxf5 {[%clk 0:17:40]} 45. Bf4 {[%clk 0:20:38]}  d5 {[%clk 0:16:48]} 46. Kg3 {[%clk 0:20:42]}  Kf7 {[%clk 0:17:12]} 47. Bd6 {[%clk 0:19:33]}  Ke6 {[%clk 0:17:35]} 48. Bb4 {[%clk 0:19:59]}  Be4 {[%clk 0:17:56]} 49. Kf4 {[%clk 0:20:24]}  Bf5 {[%clk 0:18:24]} 50. h4 {[%clk 0:20:16]}  Be4 {[%clk 0:18:48]} 51. Kg4 {[%clk 0:21:16]}  Bf5+ {[%clk 0:19:14]} 52. Kf4 {[%clk 0:21:44]}  Be4 {[%clk 0:19:38]} 53. Kg4 {[%clk 0:22:11]}  Bf5+ {[%clk 0:19:20]} 54. Kf4 {[%clk 0:21:58]} 1/2-1/2

[Event "Open"]
[Site "Saint Louis, US"]
[Date "2025.10.14"]
[Round "3"]
[White "Niemann, Hans Moke"]
[Black "Robson, Ray"]
[Result "1/2-1/2"]
[Board "4"]
[WhiteFideId "2093596"]
[BlackFideId "2023970"]
[WhiteTitle "GM"]
[BlackTitle "GM"]
[WhiteElo "2738"]
[BlackElo "2664"]
[WhiteTeam "USA"]
[BlackTeam "USA"]
[WhiteClock "0:35:05"]
[BlackClock "0:13:52"]
[Variant "Standard"]

1. e4 {[%clk 1:30:52]}  e5 {[%clk 1:30:21]} 2. Nf3 {[%clk 1:31:10]}  Nf6 {[%clk 1:29:43]} 3. Nxe5 {[%clk 1:31:26]}  d6 {[%clk 1:29:26]} 4. Nf3 {[%clk 1:31:44]}  Nxe4 {[%clk 1:29:32]} 5. d4 {[%clk 1:32:01]}  d5 {[%clk 1:29:03]} 6. Bd3 {[%clk 1:32:14]}  Bd6 {[%clk 1:27:50]} 7. O-O {[%clk 1:32:15]}  O-O {[%clk 1:27:39]} 8. Re1 {[%clk 1:32:18]}  Re8 {[%clk 1:23:27]} 9. c4 {[%clk 1:22:38]}  c6 {[%clk 1:22:33]} 10. Nc3 {[%clk 1:06:30]}  Nxc3 {[%clk 1:21:24]} 11. bxc3 {[%clk 1:05:44]}  Rxe1+ {[%clk 1:19:52]} 12. Qxe1 {[%clk 1:05:38]}  h6 {[%clk 1:18:38]} 13. c5 {[%clk 1:02:34]}  Bc7 {[%clk 1:17:21]} 14. Ne5 {[%clk 0:59:37]}  Nd7 {[%clk 1:14:13]} 15. Bf4 {[%clk 0:59:45]}  Nxe5 {[%clk 1:01:47]} 16. Bxe5 {[%clk 0:59:43]}  Bd7 {[%clk 0:36:38]} 17. Rb1 {[%clk 0:53:12]}  b6 {[%clk 0:25:16]} 18. Qe3 {[%clk 0:51:14]}  bxc5 {[%clk 0:23:00]} 19. dxc5 {[%clk 0:47:09]}  Rb8 {[%clk 0:22:41]} 20. Rb4 {[%clk 0:39:49]}  a5 {[%clk 0:20:06]} 21. Rxb8 {[%clk 0:38:39]}  Qxb8 {[%clk 0:19:29]} 22. Bxc7 {[%clk 0:37:56]}  Qxc7 {[%clk 0:19:53]} 23. Qe7 {[%clk 0:38:04]}  Qc8 {[%clk 0:18:30]} 24. h3 {[%clk 0:36:58]}  Bf5 {[%clk 0:14:45]} 25. Bxf5 {[%clk 0:35:39]}  Qxf5 {[%clk 0:15:11]} 26. Qe8+ {[%clk 0:35:44]}  Kh7 {[%clk 0:15:39]} 27. Qxc6 {[%clk 0:36:05]}  Qb1+ {[%clk 0:13:50]} 28. Kh2 {[%clk 0:36:25]}  Qxa2 {[%clk 0:13:58]} 29. Qd6 {[%clk 0:36:47]}  Qc4 {[%clk 0:13:34]} 30. c6 {[%clk 0:36:51]}  a4 {[%clk 0:13:22]} 31. c7 {[%clk 0:36:07]}  a3 {[%clk 0:13:29]} 32. Qxa3 {[%clk 0:34:52]}  Qxc7+ {[%clk 0:13:50]} 33. Kg1 {[%clk 0:35:16]}  Qe5 {[%clk 0:13:20]} 34. Qc1 {[%clk 0:35:03]}  g6 {[%clk 0:13:07]} 35. Qd2 {[%clk 0:35:07]}  Kg7 {[%clk 0:13:16]} 36. Kf1 {[%clk 0:34:25]}  h5 {[%clk 0:13:18]} 37. Qd3 {[%clk 0:34:32]}  Kf6 {[%clk 0:13:22]} 38. Qf3+ {[%clk 0:34:30]}  Kg7 {[%clk 0:13:26]} 39. Qd3 {[%clk 0:34:53]}  Kf6 {[%clk 0:13:50]} 40. Qf3+ {[%clk 0:35:19]}  Kg7 {[%clk 0:13:52]} 41. Qd3 {[%clk 0:35:05]} 1/2-1/2

[Event "Open"]
[Site "Saint Louis, US"]
[Date "2025.10.14"]
[Round "3"]
[White "Woodward, Andy"]
[Black "Oparin, Grigoriy"]
[Result "0-1"]
[Board "5"]
[WhiteFideId "30953499"]
[BlackFideId "24125890"]
[WhiteTitle "GM"]
[BlackTitle "GM"]
[WhiteElo "2590"]
[BlackElo "2661"]
[WhiteTeam "USA"]
[BlackTeam "USA"]
[WhiteClock "0:30:06"]
[BlackClock "0:38:06"]
[Variant "Standard"]

1. d4 {[%clk 1:30:57]}  d5 {[%clk 1:30:55]} 2. c4 {[%clk 1:31:03]}  e6 {[%clk 1:31:21]} 3. Nf3 {[%clk 1:31:21]}  Nf6 {[%clk 1:31:46]} 4. g3 {[%clk 1:31:37]}  Bd6 {[%clk 1:32:08]} 5. Bg2 {[%clk 1:30:49]}  O-O {[%clk 1:32:31]} 6. O-O {[%clk 1:30:44]}  h6 {[%clk 1:32:52]} 7. b3 {[%clk 1:26:41]}  b6 {[%clk 1:33:07]} 8. Bb2 {[%clk 1:25:52]}  Bb7 {[%clk 1:33:28]} 9. Nc3 {[%clk 1:26:07]}  Nbd7 {[%clk 1:33:17]} 10. Rc1 {[%clk 1:24:45]}  Re8 {[%clk 1:33:14]} 11. Nd2 {[%clk 1:19:12]}  Bb4 {[%clk 1:29:00]} 12. a3 {[%clk 1:14:02]}  Bf8 {[%clk 1:31:52]} 13. e4 {[%clk 1:10:54]}  dxe4 {[%clk 1:31:13]} 14. Ndxe4 {[%clk 1:10:46]}  Nxe4 {[%clk 1:29:48]} 15. Nxe4 {[%clk 1:11:02]}  Rb8 {[%clk 1:30:15]} 16. Re1 {[%clk 1:05:33]}  Nf6 {[%clk 1:28:44]} 17. Nxf6+ {[%clk 1:01:32]}  Qxf6 {[%clk 1:28:48]} 18. Bxb7 {[%clk 1:01:50]}  Rxb7 {[%clk 1:29:15]} 19. Qc2 {[%clk 0:59:55]}  Qd8 {[%clk 1:22:22]} 20. Qe4 {[%clk 0:56:19]}  Rb8 {[%clk 1:21:58]} 21. b4 {[%clk 0:52:11]}  a6 {[%clk 1:08:05]} 22. Bc3 {[%clk 0:41:09]}  Qd7 {[%clk 1:05:44]} 23. Qc2 {[%clk 0:40:07]}  c6 {[%clk 0:58:43]} 24. Bd2 {[%clk 0:35:06]}  Ra8 {[%clk 0:48:03]} 25. Rcd1 {[%clk 0:32:12]}  b5 {[%clk 0:47:59]} 26. Bc3 {[%clk 0:29:26]}  Red8 {[%clk 0:45:51]} 27. Qa2 {[%clk 0:28:59]}  Qb7 {[%clk 0:45:04]} 28. a4 {[%clk 0:15:16]}  g6 {[%clk 0:39:15]} 29. Ra1 {[%clk 0:19:38]}  Bg7 {[%clk 0:32:38]} 30. Red1 {[%clk 0:19:30]}  h5 {[%clk 0:32:04]} 31. h4 {[%clk 0:19:22]}  a5 {[%clk 0:24:44]} 32. Qb1 {[%clk 0:15:55]}  bxc4 {[%clk 0:21:19]} 33. b5 {[%clk 0:13:25]}  c5 {[%clk 0:20:18]} 34. Qb2 {[%clk 0:13:45]}  Qf3 {[%clk 0:20:42]} 35. Rac1 {[%clk 0:08:26]}  Rd5 {[%clk 0:18:21]} 36. b6 {[%clk 0:07:38]}  Rb8 {[%clk 0:15:54]} 37. Rd2 {[%clk 0:06:06]}  cxd4 {[%clk 0:14:50]} 38. Rxd4 {[%clk 0:06:19]}  Bxd4 {[%clk 0:14:32]} 39. Bxd4 {[%clk 0:06:47]}  Qb3 {[%clk 0:10:44]} 40. Qa1 {[%clk 0:07:15]}  Rbd8 {[%clk 0:08:55]} 41. Bf6 {[%clk 0:02:05]}  Rd1+ {[%clk 0:08:58]} 42. Kg2 {[%clk 0:02:25]}  c3 {[%clk 0:09:18]} 43. Bxc3 {[%clk 0:29:15]}  R8d3 {[%clk 0:37:59]} 44. Be1 {[%clk 0:29:05]}  Rxc1 {[%clk 0:38:04]} 45. Qxc1 {[%clk 0:29:29]}  Qxb6 {[%clk 0:38:30]} 46. Qc8+ {[%clk 0:29:47]}  Qd8 {[%clk 0:38:25]} 47. Qa6 {[%clk 0:30:06]}  Rd1 {[%clk 0:38:06]} 0-1

[Event "Open"]
[Site "Saint Louis, US"]
[Date "2025.10.14"]
[Round "3"]
[White "Sevian, Samuel"]
[Black "Aronian, Levon"]
[Result "1/2-1/2"]
[Board "6"]
[WhiteFideId "2040506"]
[BlackFideId "13300474"]
[WhiteTitle "GM"]
[BlackTitle "GM"]
[WhiteElo "2698"]
[BlackElo "2722"]
[WhiteTeam "USA"]
[BlackTeam "USA"]
[WhiteClock "0:21:48"]
[BlackClock "0:33:16"]
[Variant "Standard"]

1. d4 {[%clk 1:30:50]}  Nf6 {[%clk 1:30:54]} 2. c4 {[%clk 1:31:10]}  e6 {[%clk 1:31:19]} 3. Nc3 {[%clk 1:31:22]}  Bb4 {[%clk 1:31:43]} 4. g3 {[%clk 1:31:33]}  c5 {[%clk 1:31:44]} 5. dxc5 {[%clk 1:31:15]}  Ne4 {[%clk 1:30:52]} 6. Qd4 {[%clk 1:28:19]}  Qf6 {[%clk 1:30:27]} 7. Qxf6 {[%clk 1:28:01]}  gxf6 {[%clk 1:30:51]} 8. Bg2 {[%clk 1:28:20]}  Nxc3 {[%clk 1:31:14]} 9. Bd2 {[%clk 1:28:37]}  Na6 {[%clk 1:30:45]} 10. a3 {[%clk 1:28:33]}  Ba5 {[%clk 1:31:09]} 11. b4 {[%clk 1:28:52]}  Na4 {[%clk 1:31:33]} 12. bxa5 {[%clk 1:29:16]}  N4xc5 {[%clk 1:31:23]} 13. Rb1 {[%clk 1:03:18]}  d6 {[%clk 1:30:52]} 14. Nf3 {[%clk 1:02:36]}  e5 {[%clk 1:26:14]} 15. O-O {[%clk 1:01:36]}  Be6 {[%clk 1:25:37]} 16. Rfc1 {[%clk 1:00:19]}  Rb8 {[%clk 1:21:24]} 17. Nh4 {[%clk 0:57:14]}  b6 {[%clk 0:47:03]} 18. axb6 {[%clk 0:56:12]}  Rxb6 {[%clk 0:46:42]} 19. Rxb6 {[%clk 0:46:35]}  axb6 {[%clk 0:46:59]} 20. Rb1 {[%clk 0:44:00]}  Nd7 {[%clk 0:47:23]} 21. Bc6 {[%clk 0:36:23]}  Kd8 {[%clk 0:46:09]} 22. Bd5 {[%clk 0:23:25]}  Nac5 {[%clk 0:44:57]} 23. f3 {[%clk 0:16:09]}  f5 {[%clk 0:43:46]} 24. Rf1 {[%clk 0:14:27]}  Kc7 {[%clk 0:30:19]} 25. f4 {[%clk 0:14:20]}  Nf6 {[%clk 0:24:08]} 26. fxe5 {[%clk 0:13:34]}  dxe5 {[%clk 0:23:02]} 27. Bc3 {[%clk 0:12:29]}  Ncd7 {[%clk 0:22:50]} 28. Bg2 {[%clk 0:09:51]}  f4 {[%clk 0:21:38]} 29. gxf4 {[%clk 0:08:01]}  Rg8 {[%clk 0:21:22]} 30. fxe5 {[%clk 0:06:37]}  Ne4 {[%clk 0:20:17]} 31. Be1 {[%clk 0:04:49]}  Nxe5 {[%clk 0:17:04]} 32. Rf4 {[%clk 0:01:59]}  Nd6 {[%clk 0:17:28]} 33. Bg3 {[%clk 0:02:12]}  Nexc4 {[%clk 0:17:39]} 34. Rd4 {[%clk 0:01:18]}  Rg5 {[%clk 0:08:48]} 35. a4 {[%clk 0:00:36]}  Kd7 {[%clk 0:07:45]} 36. Nf3 {[%clk 0:00:47]}  Rd5 {[%clk 0:07:22]} 37. h4 {[%clk 0:00:34]}  Nf5 {[%clk 0:05:38]} 38. Rxd5+ {[%clk 0:00:35]}  Bxd5 {[%clk 0:06:03]} 39. Bh3 {[%clk 0:00:34]}  Be6 {[%clk 0:06:27]} 40. Bf2 {[%clk 0:00:33]}  h6 {[%clk 0:05:12]} 41. Bg2 {[%clk 0:27:53]}  Nce3 {[%clk 0:32:55]} 42. Bh3 {[%clk 0:27:18]}  Nc4 {[%clk 0:33:16]} 43. Bg2 {[%clk 0:21:47]}  Nce3 {[%clk 0:33:34]} 44. Bh3 {[%clk 0:21:48]}  Nc4 {[%clk 0:33:16]} 1/2-1/2

[Event "Open"]
[Site "Saint Louis, US"]
[Date "2025.10.15"]
[Round "4"]
[White "Woodward, Andy"]
[Black "Liang, Awonder"]
[Result "1/2-1/2"]
[Board "1"]
[WhiteFideId "30953499"]
[BlackFideId "2056437"]
[WhiteTitle "GM"]
[BlackTitle "GM"]
[WhiteElo "2590"]
[BlackElo "2710"]
[WhiteTeam "USA"]
[BlackTeam "USA"]
[WhiteClock "0:05:36"]
[BlackClock "0:10:29"]
[Variant "Standard"]

1. d4 {[%clk 1:30:57]}  Nf6 {[%clk 1:30:56]} 2. c4 {[%clk 1:31:20]}  e6 {[%clk 1:31:20]} 3. g3 {[%clk 1:31:43]}  Bb4+ {[%clk 1:31:43]} 4. Bd2 {[%clk 1:31:48]}  Be7 {[%clk 1:32:06]} 5. Bg2 {[%clk 1:32:11]}  d5 {[%clk 1:32:31]} 6. Nf3 {[%clk 1:32:30]}  O-O {[%clk 1:32:53]} 7. O-O {[%clk 1:32:52]}  c6 {[%clk 1:32:57]} 8. Qc2 {[%clk 1:33:07]}  Nbd7 {[%clk 1:33:14]} 9. Bf4 {[%clk 1:33:11]}  b6 {[%clk 1:30:19]} 10. cxd5 {[%clk 1:32:44]}  cxd5 {[%clk 1:26:29]} 11. Rc1 {[%clk 1:32:56]}  Ba6 {[%clk 1:25:23]} 12. Nc3 {[%clk 1:32:58]}  Nh5 {[%clk 1:16:33]} 13. Qa4 {[%clk 1:33:09]}  Nxf4 {[%clk 1:13:07]} 14. Qxa6 {[%clk 1:33:10]}  Nxg2 {[%clk 1:12:35]} 15. Kxg2 {[%clk 1:33:28]}  Qc8 {[%clk 1:05:24]} 16. Qxc8 {[%clk 1:33:46]}  Rfxc8 {[%clk 0:57:00]} 17. Nb5 {[%clk 1:34:01]}  a5 {[%clk 0:49:26]} 18. Nc7 {[%clk 1:17:42]}  Rab8 {[%clk 0:49:49]} 19. Rc6 {[%clk 1:17:13]}  b5 {[%clk 0:44:00]} 20. Rac1 {[%clk 1:16:54]}  Bf8 {[%clk 0:44:15]} 21. b3 {[%clk 0:59:46]}  Rb7 {[%clk 0:37:51]} 22. Na6 {[%clk 0:58:55]}  Ra8 {[%clk 0:35:49]} 23. Ne5 {[%clk 0:30:31]}  Nxe5 {[%clk 0:32:55]} 24. dxe5 {[%clk 0:30:54]}  h5 {[%clk 0:31:59]} 25. f4 {[%clk 0:29:09]}  b4 {[%clk 0:30:08]} 26. Nc7 {[%clk 0:28:05]}  Rc8 {[%clk 0:19:34]} 27. h3 {[%clk 0:27:12]}  a4 {[%clk 0:13:31]} 28. g4 {[%clk 0:26:38]}  hxg4 {[%clk 0:13:16]} 29. hxg4 {[%clk 0:27:01]}  axb3 {[%clk 0:13:21]} 30. axb3 {[%clk 0:27:25]}  Ra7 {[%clk 0:13:47]} 31. g5 {[%clk 0:17:59]}  Ra2 {[%clk 0:12:53]} 32. Kf1 {[%clk 0:10:59]}  Rb2 {[%clk 0:13:09]} 33. g6 {[%clk 0:09:34]}  Rxb3 {[%clk 0:13:26]} 34. gxf7+ {[%clk 0:08:53]}  Kxf7 {[%clk 0:13:54]} 35. Nxe6 {[%clk 0:05:58]}  Rxc6 {[%clk 0:14:19]} 36. Rxc6 {[%clk 0:06:21]}  Be7 {[%clk 0:14:39]} 37. Nd4 {[%clk 0:04:09]}  Rb1+ {[%clk 0:12:39]} 38. Kg2 {[%clk 0:03:27]}  b3 {[%clk 0:12:44]} 39. Rb6 {[%clk 0:02:26]}  b2 {[%clk 0:12:34]} 40. e3 {[%clk 0:00:48]}  Ba3 {[%clk 0:09:21]} 41. Rb7+ {[%clk 0:28:37]}  Kg6 {[%clk 0:18:26]} 42. Rb6+ {[%clk 0:22:30]}  Kh5 {[%clk 0:10:44]} 43. e6 {[%clk 0:20:01]}  Kg4 {[%clk 0:06:48]} 44. Rb7 {[%clk 0:17:48]}  g6 {[%clk 0:06:33]} 45. Nc2 {[%clk 0:03:39]}  Be7 {[%clk 0:05:44]} 46. Nd4 {[%clk 0:03:48]}  Bf6 {[%clk 0:05:39]} 47. Rb3 {[%clk 0:02:13]}  Re1 {[%clk 0:03:29]} 48. e7 {[%clk 0:02:42]}  Bxe7 {[%clk 0:03:54]} 49. Rxb2 {[%clk 0:03:09]}  Rxe3 {[%clk 0:04:11]} 50. Rb5 {[%clk 0:02:05]}  Rd3 {[%clk 0:03:03]} 51. Rxd5 {[%clk 0:02:33]}  Rd2+ {[%clk 0:03:04]} 52. Kf1 {[%clk 0:02:58]}  Bf6 {[%clk 0:00:58]} 53. Nf5 {[%clk 0:03:21]}  Rh2 {[%clk 0:01:01]} 54. Nd4 {[%clk 0:02:45]}  Kxf4 {[%clk 0:01:01]} 55. Ne6+ {[%clk 0:02:29]}  Ke4 {[%clk 0:01:06]} 56. Rb5 {[%clk 0:02:51]}  Rc2 {[%clk 0:01:09]} 57. Ng5+ {[%clk 0:02:10]}  Kf4 {[%clk 0:01:20]} 58. Ne6+ {[%clk 0:01:32]}  Kg4 {[%clk 0:01:46]} 59. Rb4+ {[%clk 0:01:45]}  Kh5 {[%clk 0:01:51]} 60. Nf4+ {[%clk 0:02:08]}  Kg5 {[%clk 0:02:13]} 61. Nh3+ {[%clk 0:02:25]}  Kf5 {[%clk 0:02:31]} 62. Rf4+ {[%clk 0:02:45]}  Ke6 {[%clk 0:02:59]} 63. Rf2 {[%clk 0:02:57]}  Rc1+ {[%clk 0:03:19]} 64. Kg2 {[%clk 0:03:24]}  g5 {[%clk 0:03:42]} 65. Ra2 {[%clk 0:03:47]}  Kf5 {[%clk 0:04:02]} 66. Nf2 {[%clk 0:04:03]}  Rc5 {[%clk 0:04:15]} 67. Re2 {[%clk 0:04:07]}  Rb5 {[%clk 0:04:38]} 68. Ne4 {[%clk 0:04:26]}  Be5 {[%clk 0:04:56]} 69. Ng3+ {[%clk 0:04:29]}  Kg4 {[%clk 0:05:06]} 70. Ne4 {[%clk 0:04:54]}  Bf4 {[%clk 0:05:16]} 71. Nf2+ {[%clk 0:05:03]}  Kf5 {[%clk 0:05:41]} 72. Nh3 {[%clk 0:05:17]}  Be5 {[%clk 0:05:47]} 73. Rf2+ {[%clk 0:05:37]}  Kg4 {[%clk 0:06:08]} 74. Re2 {[%clk 0:06:03]}  Ra5 {[%clk 0:06:29]} 75. Ng1 {[%clk 0:05:19]}  Bf4 {[%clk 0:06:53]} 76. Nh3 {[%clk 0:05:33]}  Ra3 {[%clk 0:07:16]} 77. Nxf4 {[%clk 0:03:53]}  gxf4 {[%clk 0:07:39]} 78. Re8 {[%clk 0:04:08]}  Ra2+ {[%clk 0:08:05]} 79. Kg1 {[%clk 0:04:34]}  Kf3 {[%clk 0:08:28]} 80. Rf8 {[%clk 0:04:59]}  Ra1+ {[%clk 0:08:43]} 81. Kh2 {[%clk 0:05:24]}  Re1 {[%clk 0:09:11]} 82. Rf7 {[%clk 0:05:09]}  Re4 {[%clk 0:09:38]} 83. Kg1 {[%clk 0:05:01]}  Ke2 {[%clk 0:10:03]} 84. Kg2 {[%clk 0:05:25]}  Ke3 {[%clk 0:10:29]} 85. Ra7 {[%clk 0:05:36]} 1/2-1/2